¿Cómo ves? /
La revista ¿Cómo ves?, editada por la Universidad Nacional Autónoma de México (UNAM), es la única publicación en México dedicada específicamente a la divulgación científica dirigida a estudiantes de nivel medio superior y superior. Su objetivo principal es presentar, de forma accesible, atractiva y...
محفوظ في:
| التنسيق: | دورية |
|---|---|
| اللغة: | الإسبانية |
| الموضوعات: | |
| الوسوم: |
لا توجد وسوم, كن أول من يضع وسما على هذه التسجيلة!
|
MARC
| LEADER | 00000nas^a2200000^a^4500 | ||
|---|---|---|---|
| 001 | 000182476 | ||
| 005 | 20260326000000.0 | ||
| 009 | 20260407171938.978 | ||
| 022 | |a 752435753852 | ||
| 037 | |a Acervo ITESO - Biblioteca | ||
| 041 | |a ESP | ||
| 094 | |a 36 | ||
| 222 | 0 | |a ¿Cómo ves? / | |
| 245 | 0 | 0 | |a ¿Cómo ves? / |
| 264 | |a México : |b UNAM, |c 1998- | ||
| 300 | |a volúmenes | ||
| 310 | |a Mensual | ||
| 336 | |a texto |b txt |2 rdacontenido | ||
| 337 | |a sin mediación |b n |2 rdamedio | ||
| 338 | |a volumen |b nc |2 rdasoporte | ||
| 362 | |a Año 1, no. 1 (dic. 1998) - | ||
| 520 | |a La revista ¿Cómo ves?, editada por la Universidad Nacional Autónoma de México (UNAM), es la única publicación en México dedicada específicamente a la divulgación científica dirigida a estudiantes de nivel medio superior y superior. Su objetivo principal es presentar, de forma accesible, atractiva y entretenida contenidos sobre las ciencias naturales y sociales, así como de los avances tecnológicos y científicos tanto relevantes como recientes. Se publica con una periodicidad mensual de manera ininterrumpida desde su fundación en 1998. La estructura editorial de la revista está diseñada para captar el interés de los jóvenes lectores, incorporando ilustraciones, iconografías, cómics y fotografías en cada una de sus secciones. Además, cada número incluye una guía didáctica dirigida a docentes, con sugerencias para trabajar uno de los artículos en el aula. La Biblioteca del ITESO cuenta con una colección de esta publicación que abarca desde el año 1, número 1 (diciembre de 1998), hasta el año 27, número 315 (febrero de 2025). | ||
| 599 | |a No vigente | ||
| 649 | |a XX | ||
| 650 | |a Ciencia - |x Publicaciones Periódicas Mexicanas | ||
| 650 | |a Ciencia - |x Difusión - |x Publicaciones Periódicas Mexicanas | ||
| 650 | |a Tecnología - |x Publicaciones Periódicas Mexicanas | ||
| 650 | |a Descubrimientos Científicos | ||
| 650 | |a Publicaciones Periódicas Mexicanas | ||
| 910 | |a Fondo General | ||
| 920 | |a Impresos - Publicaciones Periódicas | ||
| 905 | |a 105 | ||
| 902 | |a https://opac.biblio.iteso.mx/vufind/Record/000182476 | ||